000
00218 a2200097 4500
001
55345
100
_a
245
_a
Have you ever found a beetle
260
_a
Australia
_b
Nenson
_c
1994
090
_c
34337
_d
34337
942
_a
NUST-CAE
_c
MONOGRAPH
_c
27044
999
_c
290418
_d
290418